000 00495nam a2200133 a 4500
008 120416s1992 xx |||||||||||||| || u
050 _aS 572 Agr
100 _aStorey, G. G
245 1 0 _aAgricultural marketing in Lesotho
_cedited by G. G. Storey
246 _aM.T. Mochebelele and others
260 _c1992
350 _a0.00
995 _D0.00
_FCBU-MAIN LIBRARY (Kitwe)
_H1
_I35.00
_M1
_UWEEDED
_VJul 24, 2017
_ZMain Library Open Access Collection
999 _c33931
_d33931